| 000 | 00596nam a2200205 a 4500 | ||
|---|---|---|---|
| 005 | 20210219153338.0 | ||
| 008 | 991125n 000 0 u | ||
| 035 | _aUPN01000092926 | ||
| 100 | _aBuchan, Anne S. | ||
| 222 | _aEDUCATIONAL RESEARCH | ||
| 245 | _aPolicy into practice. Internal assessment at 16+ : standardization and moderation procedures | ||
| 300 | _a171-179 | ||
| 362 | _a35, No. 2, 1993 | ||
| 505 | _aNoviembre 1993 | ||
| 653 | 0 | _aEVALUACION DEL ESTUDIANTE | |
| 653 | 0 | _aPRUEBAS DE PROBLEMAS | |
| 653 | 0 | _aROL DEL MAESTRO | |
| 904 |
_aAC _b030737 |
||
| 905 | _aArticulo | ||
| 999 |
_c74486 _d74486 |
||